000 01094cam a2200253M 4500
001 sometimesgreatno00kese
003 CaSfIA
005 20210119083248.0
007 cr||||
008 091210s1971 nyu 000 u eng d
040 _aDKDLA
_bdan
_cDKDLA
_dCaSfIA
035 _a(OCoLC)476831778
084 _a820KESE1
_2z
100 1 _aKesey, Ken.
245 1 0 _aSometimes a great notion /
_h[electronic resource]
_cKen Kesey.
260 _aNew York :
_bBantam Books,
_c1971.
300 _a599 s.
029 0 _aDKDLA
_b34468087
856 4 1 _uhttp://www.archive.org/details/sometimesgreatno00kese
_zFree eBook from the Internet Archive
856 4 2 _uhttp://www.openlibrary.org/books/OL24240574M
_zAdditional information and access via Open Library
942 _cEB
506 _fНеобхідна авторизація на https://archive.org/ (створення облікового запису безкоштовно)
506 _fНеобхідна авторизація на https://openlibrary.org/ (створення облікового запису безкоштовно)
999 _c550500
_d550500